Catálogo
 En Linea

El quehacer de la iglesia dominicana (1511-2011) : (Registro nro. 42283)

Detalles MARC
000 -CABECERA
campo de control de longitud fija 00748nam a2200205 a 4500
001 - NÚMERO DE CONTROL
campo de control 000042794
005 - FECHA Y HORA DE LA ÚLTIMA TRANSACCIÓN
campo de control 20240305140748.0
008 - DATOS DE LONGITUD FIJA--INFORMACIÓN GENERAL
campo de control de longitud fija 140210s2011 dr a 000 0 spa d
020 ## - NÚMERO INTERNACIONAL ESTÁNDAR DEL LIBRO
Número Internacional Estándar del Libro 9789945475074
040 ## - FUENTE DE LA CATALOGACIÓN
Centro catalogador/agencia de origen DO-SdBNP
Lengua de catalogación spa
Centro/agencia transcriptor BNPHU
082 ## - NÚMERO DE LA CLASIFICACIÓN DECIMAL DEWEY
Número de clasificación xxxx
Número de documento/Ítem S127q
100 1# - ENTRADA PRINCIPAL--NOMBRE DE PERSONA
Nombre de persona Sáez , José Luis
Fechas asociadas al nombre 1937-
9 (RLIN) 620
245 13 - MENCIÓN DE TÍTULO
Título El quehacer de la iglesia dominicana (1511-2011) :
Resto del título historia y antología. /
Mención de responsabilidad, etc. José Luis Sáez; prólogo, Ramón Benito de la Rosa y Carpio.
260 ## - PUBLICACIÓN, DISTRIBUCIÓN, ETC.
Lugar de publicación, distribución, etc. Santo Domingo, :
Nombre del editor, distribuidor, etc. Amigo del hogar,
Fecha de publicación, distribución, etc. 2011.
300 ## - DESCRIPCIÓN FÍSICA
Extensión 207 p. :
Otras características físicas il. ;
Dimensiones 26 cm.
490 1# - MENCIÓN DE SERIE
Mención de serie Ediciones Ferilibro
500 ## - NOTA GENERAL
Nota general Incluye notas a pie de página
700 1# - PUNTO DE ACCESO ADICIONAL--NOMBRE DE PERSONA
Nombre de persona Rosa y Carpio, Ramón Benito de la,
Fechas asociadas al nombre 1939-
9 (RLIN) 74159
830 #0 - PUNTO DE ACCESO ADICIONAL DE SERIE-TÍTULO UNIFORME
Título uniforme Ediciones Ferilibro
9 (RLIN) 150
Existencias
Estado de retiro Estado de pérdida No para préstamo Código de colección Localización permanente Ubicación/localización actual Ubicación en estantería Fecha de adquisición Número de inventario Total de préstamos Signatura topográfica completa Código de barras Fecha visto por última vez Precio válido a partir de Tipo de ítem Koha
    Excluido de préstamo Patrimonio Dominicano Patrimonio Dominicano Patrimonio Dominicano Depósito 10.02.2014 LF1   xxxx S127q 42794-10 25.06.2020 25.06.2020 Libro y Folleto Colección Patrimonio Dominicano

Con tecnología Koha